00791nam a2200277Ia 4500008004100000020001800041050001500059050001600074100002000090245007200110245005100182245001900233260001500252260001700267260000900284300001600293300002000309300001100329500002000340650003400360650004100394650001500435650001700450650001200467650003400479180523s9999 xx 000 0 und d a0-07-142802-x aMAIN HD 69 b.C6W35 2004 aWalters, Lilly. 0a1001 ways to make more money as a speaker, consultant, or trainer : 0bplus 300 rainmaking strategies for dry times / 0cLilly Walters. aNew York : bMcGraw-Hill, c2003 a205 pages : billustrations ; c23 cm. aIncludes index. aBusiness consultants -- Fees. aEmployee training personnel -- Fees. aMarketing. xAdvertising. xIncome. xMotivational speakers -- Fee.